<?xml version="1.0" encoding="UTF-8"?>
<collection xmlns="http://www.loc.gov/MARC21/slim">
 <record>
  <leader>04058nam a2200469 a 4500</leader>
  <controlfield tag="001">13930</controlfield>
  <controlfield tag="003">BD-DhAAL</controlfield>
  <controlfield tag="005">20250209120602.0</controlfield>
  <controlfield tag="008">100106s2000    enka     b    001 0 eng d</controlfield>
  <datafield tag="020" ind1=" " ind2=" ">
   <subfield code="a">9780195655261</subfield>
  </datafield>
  <datafield tag="020" ind1=" " ind2=" ">
   <subfield code="a">0195655265</subfield>
  </datafield>
  <datafield tag="040" ind1=" " ind2=" ">
   <subfield code="a">UKM</subfield>
   <subfield code="c">UKM</subfield>
   <subfield code="d">DLC</subfield>
   <subfield code="d">BD-DhAAL</subfield>
  </datafield>
  <datafield tag="082" ind1="0" ind2="0">
   <subfield code="a">338.9</subfield>
   <subfield code="2">21</subfield>
  </datafield>
  <datafield tag="100" ind1="1" ind2=" ">
   <subfield code="a">Sen, Amartya,</subfield>
   <subfield code="d">1933-</subfield>
   <subfield code="9">20387</subfield>
  </datafield>
  <datafield tag="245" ind1="1" ind2="0">
   <subfield code="a">Development as freedom /</subfield>
   <subfield code="c">Amartya Sen.</subfield>
  </datafield>
  <datafield tag="260" ind1=" " ind2=" ">
   <subfield code="a">Oxford ;</subfield>
   <subfield code="a">New York ;</subfield>
   <subfield code="a">New Delhi :</subfield>
   <subfield code="b">Oxford University Press,</subfield>
   <subfield code="c">2000 [Thirteenth impression 2015, Twentieth impression 2019].</subfield>
  </datafield>
  <datafield tag="300" ind1=" " ind2=" ">
   <subfield code="a">xvi, 366 pages :</subfield>
   <subfield code="b">illustrations ;</subfield>
   <subfield code="c">22 cm.</subfield>
  </datafield>
  <datafield tag="500" ind1=" " ind2=" ">
   <subfield code="a">Originally published: 1999.</subfield>
  </datafield>
  <datafield tag="504" ind1=" " ind2=" ">
   <subfield code="a">Includes bibliographical references and index.</subfield>
  </datafield>
  <datafield tag="505" ind1="8" ind2=" ">
   <subfield code="a">Machine generated contents note: Introduction: Development as Freedom -- The Perspective of Fredom -- The ends and the Means of Development -- 3 Freedom and the Foundations of ustice -- 4 Povertyas Capability Deprivation -- Markets, States, nd Social Opportunity -- 6 The Importane of Democracy -- 7 Famines and Other Crises -- S Women'sAgency ndSocial Chnge -- 9 Population, Food and Freedom -- 10 Culture and HumanRights -- 11 Social Choice and Individual Behavior -- Individual Freedom as a Social Commitment -- Notes -- Index.</subfield>
  </datafield>
  <datafield tag="526" ind1=" " ind2=" ">
   <subfield code="a">Refugee Studies Unit (RSU),CPJ</subfield>
   <subfield code="x">Salim khan
Sr. program Associate
James P. Grant School.
Course name and no. N/A


</subfield>
  </datafield>
  <datafield tag="541" ind1="1" ind2=" ">
   <subfield code="a">Book Finder International, Book view</subfield>
   <subfield code="e">13930, 40872, 18408</subfield>
  </datafield>
  <datafield tag="650" ind1=" " ind2="0">
   <subfield code="a">Liberty.</subfield>
   <subfield code="9">20388</subfield>
  </datafield>
  <datafield tag="650" ind1=" " ind2="0">
   <subfield code="a">Free enterprise.</subfield>
   <subfield code="9">20389</subfield>
  </datafield>
  <datafield tag="650" ind1=" " ind2="0">
   <subfield code="a">Economic development</subfield>
   <subfield code="x">Social aspects.</subfield>
   <subfield code="9">20390</subfield>
  </datafield>
  <datafield tag="651" ind1=" " ind2="0">
   <subfield code="a">Developing countries</subfield>
   <subfield code="x">Economic conditions.</subfield>
   <subfield code="9">20391</subfield>
  </datafield>
  <datafield tag="852" ind1="4" ind2=" ">
   <subfield code="a">Ayesha Abed Library</subfield>
   <subfield code="j">General Stacks</subfield>
  </datafield>
  <datafield tag="942" ind1="0" ind2="0">
   <subfield code="0">3</subfield>
   <subfield code="2">ddc</subfield>
   <subfield code="c">BK</subfield>
  </datafield>
  <datafield tag="999" ind1=" " ind2=" ">
   <subfield code="c">6756</subfield>
   <subfield code="d">6756</subfield>
  </datafield>
  <datafield tag="952" ind1=" " ind2=" ">
   <subfield code="0">0</subfield>
   <subfield code="1">0</subfield>
   <subfield code="2">ddc</subfield>
   <subfield code="4">0</subfield>
   <subfield code="6">338_900000000000000_SEN_2005</subfield>
   <subfield code="7">0</subfield>
   <subfield code="9">6938</subfield>
   <subfield code="a">BRACUL</subfield>
   <subfield code="b">BRACUL</subfield>
   <subfield code="c">GEN</subfield>
   <subfield code="d">2010-01-06</subfield>
   <subfield code="l">11</subfield>
   <subfield code="m">47</subfield>
   <subfield code="o">338.9 SEN</subfield>
   <subfield code="p">3010013930</subfield>
   <subfield code="r">2025-12-07</subfield>
   <subfield code="s">2025-11-30</subfield>
   <subfield code="t">3</subfield>
   <subfield code="w">2010-01-06</subfield>
   <subfield code="y">BK</subfield>
  </datafield>
  <datafield tag="952" ind1=" " ind2=" ">
   <subfield code="0">0</subfield>
   <subfield code="1">0</subfield>
   <subfield code="2">ddc</subfield>
   <subfield code="4">0</subfield>
   <subfield code="6">338_900000000000000_SEN_2005</subfield>
   <subfield code="7">0</subfield>
   <subfield code="9">6939</subfield>
   <subfield code="a">BRACUL</subfield>
   <subfield code="b">BRACUL</subfield>
   <subfield code="c">GEN</subfield>
   <subfield code="d">2010-01-06</subfield>
   <subfield code="l">10</subfield>
   <subfield code="m">69</subfield>
   <subfield code="o">338.9 SEN</subfield>
   <subfield code="p">3010013928</subfield>
   <subfield code="r">2026-01-11</subfield>
   <subfield code="s">2025-10-18</subfield>
   <subfield code="t">1</subfield>
   <subfield code="w">2010-01-06</subfield>
   <subfield code="y">BK</subfield>
  </datafield>
  <datafield tag="952" ind1=" " ind2=" ">
   <subfield code="0">0</subfield>
   <subfield code="1">0</subfield>
   <subfield code="2">ddc</subfield>
   <subfield code="4">0</subfield>
   <subfield code="6">338_900000000000000_SEN_2000</subfield>
   <subfield code="7">0</subfield>
   <subfield code="9">7141</subfield>
   <subfield code="a">BRACUL</subfield>
   <subfield code="b">BRACUL</subfield>
   <subfield code="c">GEN</subfield>
   <subfield code="d">2010-01-13</subfield>
   <subfield code="l">5</subfield>
   <subfield code="m">28</subfield>
   <subfield code="o">338.9 SEN</subfield>
   <subfield code="p">3010007709</subfield>
   <subfield code="r">2017-02-19</subfield>
   <subfield code="s">2017-02-14</subfield>
   <subfield code="t">10</subfield>
   <subfield code="w">2010-01-13</subfield>
   <subfield code="y">BK</subfield>
  </datafield>
  <datafield tag="952" ind1=" " ind2=" ">
   <subfield code="0">0</subfield>
   <subfield code="1">0</subfield>
   <subfield code="2">ddc</subfield>
   <subfield code="4">0</subfield>
   <subfield code="6">338_900000000000000_SEN_2000</subfield>
   <subfield code="7">0</subfield>
   <subfield code="9">7142</subfield>
   <subfield code="a">JPGSPH</subfield>
   <subfield code="b">JPGSPH</subfield>
   <subfield code="d">2010-01-13</subfield>
   <subfield code="e">Book View</subfield>
   <subfield code="g">300.00</subfield>
   <subfield code="l">0</subfield>
   <subfield code="o">338.9 SEN</subfield>
   <subfield code="p">3060018408</subfield>
   <subfield code="r">2010-01-13</subfield>
   <subfield code="t">2</subfield>
   <subfield code="w">0000-00-00</subfield>
   <subfield code="y">BK</subfield>
  </datafield>
  <datafield tag="952" ind1=" " ind2=" ">
   <subfield code="0">0</subfield>
   <subfield code="1">0</subfield>
   <subfield code="2">ddc</subfield>
   <subfield code="4">0</subfield>
   <subfield code="6">338_900000000000000_SEN_2005</subfield>
   <subfield code="7">0</subfield>
   <subfield code="9">7929</subfield>
   <subfield code="a">BRACUL</subfield>
   <subfield code="b">BRACUL</subfield>
   <subfield code="c">GEN</subfield>
   <subfield code="d">2010-02-09</subfield>
   <subfield code="l">4</subfield>
   <subfield code="m">40</subfield>
   <subfield code="o">338.9 SEN</subfield>
   <subfield code="p">3010013929</subfield>
   <subfield code="q">2025-10-08</subfield>
   <subfield code="r">2024-02-28</subfield>
   <subfield code="s">2024-02-28</subfield>
   <subfield code="t">11</subfield>
   <subfield code="w">2010-02-09</subfield>
   <subfield code="y">BK</subfield>
  </datafield>
  <datafield tag="952" ind1=" " ind2=" ">
   <subfield code="0">0</subfield>
   <subfield code="1">0</subfield>
   <subfield code="2">ddc</subfield>
   <subfield code="4">0</subfield>
   <subfield code="6">338_900000000000000_SEN</subfield>
   <subfield code="7">0</subfield>
   <subfield code="9">18772</subfield>
   <subfield code="a">JPGSPH</subfield>
   <subfield code="b">JPGSPH</subfield>
   <subfield code="c">GEN</subfield>
   <subfield code="d">2011-12-07</subfield>
   <subfield code="l">0</subfield>
   <subfield code="o">338.9 SEN</subfield>
   <subfield code="p">3060023936</subfield>
   <subfield code="r">2011-12-07</subfield>
   <subfield code="t">4</subfield>
   <subfield code="w">2011-12-07</subfield>
   <subfield code="y">BK</subfield>
  </datafield>
  <datafield tag="952" ind1=" " ind2=" ">
   <subfield code="0">0</subfield>
   <subfield code="1">0</subfield>
   <subfield code="2">ddc</subfield>
   <subfield code="4">0</subfield>
   <subfield code="6">338_900000000000000_SEN_2005</subfield>
   <subfield code="7">0</subfield>
   <subfield code="9">18775</subfield>
   <subfield code="a">JPGSPH</subfield>
   <subfield code="b">JPGSPH</subfield>
   <subfield code="c">GEN</subfield>
   <subfield code="d">2011-12-07</subfield>
   <subfield code="l">0</subfield>
   <subfield code="o">338.9 SEN</subfield>
   <subfield code="p">3060023937</subfield>
   <subfield code="r">2011-12-07</subfield>
   <subfield code="t">5</subfield>
   <subfield code="w">2011-12-07</subfield>
   <subfield code="y">BK</subfield>
  </datafield>
  <datafield tag="952" ind1=" " ind2=" ">
   <subfield code="0">0</subfield>
   <subfield code="1">0</subfield>
   <subfield code="2">ddc</subfield>
   <subfield code="4">0</subfield>
   <subfield code="6">338_900000000000000_SEN</subfield>
   <subfield code="7">0</subfield>
   <subfield code="9">56009</subfield>
   <subfield code="a">SCL</subfield>
   <subfield code="b">SCL</subfield>
   <subfield code="c">GEN</subfield>
   <subfield code="d">2015-09-20</subfield>
   <subfield code="l">0</subfield>
   <subfield code="o">338.9 SEN</subfield>
   <subfield code="p">3020004531</subfield>
   <subfield code="r">2024-06-08</subfield>
   <subfield code="t">12</subfield>
   <subfield code="w">2015-09-20</subfield>
   <subfield code="y">BK</subfield>
  </datafield>
  <datafield tag="952" ind1=" " ind2=" ">
   <subfield code="0">0</subfield>
   <subfield code="1">0</subfield>
   <subfield code="2">ddc</subfield>
   <subfield code="4">0</subfield>
   <subfield code="6">338_900000000000000_SEN</subfield>
   <subfield code="7">0</subfield>
   <subfield code="9">59568</subfield>
   <subfield code="a">BRACUL</subfield>
   <subfield code="b">BRACUL</subfield>
   <subfield code="c">GEN</subfield>
   <subfield code="d">2016-08-23</subfield>
   <subfield code="e">Trim Education</subfield>
   <subfield code="g">579.00</subfield>
   <subfield code="l">7</subfield>
   <subfield code="m">83</subfield>
   <subfield code="o">338.9 SEN</subfield>
   <subfield code="p">3010031230</subfield>
   <subfield code="q">2026-06-02</subfield>
   <subfield code="r">2026-04-11</subfield>
   <subfield code="s">2026-04-11</subfield>
   <subfield code="t">6</subfield>
   <subfield code="w">2016-08-23</subfield>
   <subfield code="y">BK</subfield>
  </datafield>
  <datafield tag="952" ind1=" " ind2=" ">
   <subfield code="0">0</subfield>
   <subfield code="1">0</subfield>
   <subfield code="2">ddc</subfield>
   <subfield code="4">0</subfield>
   <subfield code="6">338_900000000000000_SEN</subfield>
   <subfield code="7">0</subfield>
   <subfield code="9">59569</subfield>
   <subfield code="a">BRACUL</subfield>
   <subfield code="b">BRACUL</subfield>
   <subfield code="c">GEN</subfield>
   <subfield code="d">2016-08-23</subfield>
   <subfield code="e">Trim Education</subfield>
   <subfield code="g">579.00</subfield>
   <subfield code="l">11</subfield>
   <subfield code="m">110</subfield>
   <subfield code="o">338.9 SEN</subfield>
   <subfield code="p">3010031231</subfield>
   <subfield code="q">2026-07-06</subfield>
   <subfield code="r">2025-07-13</subfield>
   <subfield code="s">2025-07-13</subfield>
   <subfield code="t">7</subfield>
   <subfield code="w">2016-08-23</subfield>
   <subfield code="y">BK</subfield>
  </datafield>
  <datafield tag="952" ind1=" " ind2=" ">
   <subfield code="0">0</subfield>
   <subfield code="1">0</subfield>
   <subfield code="2">ddc</subfield>
   <subfield code="4">0</subfield>
   <subfield code="6">338_900000000000000_SEN</subfield>
   <subfield code="7">1</subfield>
   <subfield code="9">71125</subfield>
   <subfield code="a">BRACUL</subfield>
   <subfield code="b">BRACUL</subfield>
   <subfield code="c">CS1</subfield>
   <subfield code="d">2022-06-28</subfield>
   <subfield code="e">Donated by Akbar Ali Khan</subfield>
   <subfield code="l">0</subfield>
   <subfield code="o">338.9 SEN</subfield>
   <subfield code="p">3010039059</subfield>
   <subfield code="r">2022-06-28</subfield>
   <subfield code="t">14</subfield>
   <subfield code="w">2022-06-28</subfield>
   <subfield code="y">BK</subfield>
  </datafield>
  <datafield tag="952" ind1=" " ind2=" ">
   <subfield code="0">0</subfield>
   <subfield code="1">0</subfield>
   <subfield code="2">ddc</subfield>
   <subfield code="4">0</subfield>
   <subfield code="6">338_900000000000000_SEN</subfield>
   <subfield code="7">0</subfield>
   <subfield code="9">73133</subfield>
   <subfield code="a">CPJ</subfield>
   <subfield code="b">CPJ</subfield>
   <subfield code="c">RSU</subfield>
   <subfield code="d">2023-02-07</subfield>
   <subfield code="e">Book Finder International</subfield>
   <subfield code="g">687.09</subfield>
   <subfield code="l">0</subfield>
   <subfield code="o">338.9 SEN</subfield>
   <subfield code="p">3030040872</subfield>
   <subfield code="r">2023-02-07</subfield>
   <subfield code="t">8</subfield>
   <subfield code="v">687.09</subfield>
   <subfield code="w">2023-02-07</subfield>
   <subfield code="y">BK</subfield>
  </datafield>
  <datafield tag="952" ind1=" " ind2=" ">
   <subfield code="0">0</subfield>
   <subfield code="1">0</subfield>
   <subfield code="2">ddc</subfield>
   <subfield code="4">0</subfield>
   <subfield code="6">338_900000000000000_SEN</subfield>
   <subfield code="7">0</subfield>
   <subfield code="9">74158</subfield>
   <subfield code="a">BIED</subfield>
   <subfield code="b">BIED</subfield>
   <subfield code="c">GEN</subfield>
   <subfield code="d">2023-08-03</subfield>
   <subfield code="e">Book Finder International</subfield>
   <subfield code="g">1544.31</subfield>
   <subfield code="l">0</subfield>
   <subfield code="o">338.9 SEN</subfield>
   <subfield code="p">3070041650</subfield>
   <subfield code="r">2023-08-03</subfield>
   <subfield code="t">9</subfield>
   <subfield code="v">1544.31</subfield>
   <subfield code="w">2023-08-03</subfield>
   <subfield code="y">BK</subfield>
  </datafield>
 </record>
</collection>
